1823 1390 1869 1492 1990 1390 1880 1372 1010 1518 1451 1849 1344 1949 1475 1567 1426 1515 1522 1714 1040 1506 1027 1659 1006 1434 1423 1253 1923 1154 1040 1696 1679 1760 1218 1712 1577 1178 1095 1641 1014 1558 1359 1204 1013 1679 1080 1519 1586 1961 1753 1063 1891 1933 1080 1086 1650 1533 1457 1289 1095 1525 1343 1936 1323 1735 1569 1404 1041 1444 1912 1216 1176 1570 1486 1104 1828 1758 1674 1101 1590 1072 1635 1617 1814 1798 1593 1286 1763 1403 1716 1830 1136 1716 1281 1807 1653 1028 1356 BCNSPRNW ULIB Ver.6.0+V

เปลี่ยนเป็นภาษาไทย

Change to English
 แสดงรายละเอียดบรรณานุกรม
  กลับหน้าหลัก

Brief Record : Get Marc (ISO 2709) : E-mail record : QR code < ปิดหน้าต่าง
LEADER : 00000nam 2200000uu 4500
001    13399112284
003     ULIB
008    110802s2550||||th 000 0 tha d
020    9740939887
050  4 HD66^bอ251ท 2550
100 0  อภิชัย ศรีเมือง
245 10 เทคนิคการจัดกิจกรรมพนักงาน/^cอภิชัย ศรีเมือง
260    กรุงเทพฯ :^bเอช อาร์ เซ็นเตอร์,^c2550
300    200 หน้า :^bภาพประกอบ
650  7 บริหาร
650  7 จัดการพนักงาน
945    ^p190^l0^i024953
945    ^p190^l0^i024954
995    ทศพร
999 ^a ทศพร
รายการนี้ยังไม่มีแท็ก
คุณยังไม่ได้ล็อกอิน คุณสามารถมีกิจกรรมร่วมกับเว็บไซต์ได้ แต่ต้องล็อกอินก่อน ::
  ล็อกอิน

รายการสื่อสารสนเทศ

ลำดับที่ ประเภท เลขเรียก/บาร์โค้ด สถานที่ สถานะ
1. การศึกษาทั่วไป
การศึกษาทั่วไป
HD66 อ251ท 2550 ฉ.2 
  Barcode: 024954
ห้องสมุดวิทยาเขตนครสวรรค์
►หนังสือทั่วไป:l:General Books
บนชั้น

รายการใกล้เคียง
    ผู้แต่ง [อภิชัย ศรีเมือง]

    หัวเรื่อง [บริหาร]
    หัวเรื่อง [จัดการพนักงาน]

BibComment


ยังไม่เคยถูกคอมเมนท์

คอมเมนท์ทรัพยากรรายการนี้
  คอมเมนท์: เทคนิคการจัดกิจกร..


 Copyright 2026. Bcnsprnw @Library